Regulační úroveň územního plánovaní.
Záväznosť, flexibilita a presaditeľnosť plánovania územia. Možnosti využitia regulačných prvkov rozvoja v územnom plánovaní. Metódy a nástroje regulácie územného rozvoja. Možnosti zavedenia plánu využitia územia a jeho hlavné úlohy.
Salvato in:
| Autore principale: | |
|---|---|
| Altri autori: | |
| Natura: | Capitolo di libro |
| Lingua: | ceco |
| Soggetti: | |
| Tags: |
Nessun Tag, puoi essere il primo ad aggiungerne!!
|
MARC
| LEADER | 00000naa a2200000 4500 | ||
|---|---|---|---|
| 001 | r006304 | ||
| 005 | 20221125081540.8 | ||
| 041 | 0 | |a cze | |
| 044 | |a [CS] | ||
| 245 | 1 | 0 | |a Regulační úroveň územního plánovaní. |c J. Markvart, J. Stejskal |
| 520 | |a Záväznosť, flexibilita a presaditeľnosť plánovania územia. Možnosti využitia regulačných prvkov rozvoja v územnom plánovaní. Metódy a nástroje regulácie územného rozvoja. Možnosti zavedenia plánu využitia územia a jeho hlavné úlohy. | ||
| 610 | 2 | 0 | |a plánovanie územné |
| 610 | 2 | 0 | |a rozvoj regionálny |
| 610 | 2 | 0 | |a regulácia |
| 100 | 1 | |a Markvart, J. | |
| 700 | 1 | |a Stejskal, J. | |